000 01190nam a22003497a 4500
003 CHAP
005 20220329143311.0
008 080325d2004 es r 00110 spa d
010 _a94628
011 _a95600
020 _a8420537268
035 _a106227
040 _cCHAP
082 0 4 _a519.3
_bP4
100 1 _aPérez Navarro, Joaquín.
_989879
245 1 0 _aTeoría de juegos
_c/por Joaquín Pérez Navarro, José Luis Jimeno Pastor y Emilio Cerdá Tena
260 _aMadrid :
_bPearson,
_c2004
300 _axii, 513 p. :
_bgráfs. ; cuadros
590 _aBATCH-UPD
_b10
_c20130110
_lUCH01
_h0647
590 _aBATCH-UPD
_b10
_c20130110
_lUCH01
_h2328
590 _aBATCH-UPD
_b10
_c20130410
_lUCH01
_h0331
590 _aBATCH-UPD
_b10
_c20130410
_lUCH01
_h1637
590 _aBATCH-UPD
_b10
_c20130914
_lUCH01
_h0912
590 _aCONVERSION
_b10
_c20130109
_lUCH01
_h1352
650 1 4 _aEstadística matemática.
_938261
650 1 4 _aJuegos, teoría de los.
_962279
700 1 _aCerdá Tena, Emilio.
_921367
700 1 _aJimeno Pastor, José Luis.
_961438
901 _aBK
942 _cLIBRO
949 _a519.3 P4
_bBC
_cLIBRO
_d33724002049652
_eLIBRO
_gI.c/e.
_h106227
_i106227
_si
_t$247.20
999 _c94628
_d94628